| 000 | 00644cam a22002293a 4500 | ||
|---|---|---|---|
| 001 | 31990 | ||
| 003 | PGUSA | ||
| 005 | 20140828083707.0 | ||
| 008 | 100414s2010||||xxu|||||s|||||000 | eng d | ||
| 040 |
_aPGUSA _beng |
||
| 042 | _adc | ||
| 050 | 4 | _aF206 | |
| 100 | 1 | _aRust, Jeanne Johnson | |
| 245 | 1 | 2 |
_aA History of the Town of Fairfax _h[electronic resource] / _cJeanne Johnson Rust |
| 260 |
_bProject Gutenberg, _c2010 |
||
| 506 | _aPublic domain in the USA. | ||
| 516 | _aElectronic text | ||
| 653 | _aFairfax (Va.) -- History | ||
| 830 | 0 |
_aProject Gutenberg _v31990 |
|
| 856 | 4 | 0 | _uhttp://www.gutenberg.org/ebooks/31990 |
| 942 | _cEB | ||
| 999 |
_c261245 _d261245 |
||